| 000 | 00953nam a22002537a 4500 | ||
|---|---|---|---|
| 999 |
_c10793 _d10793 |
||
| 003 | AR-CdUCM | ||
| 008 | 190402b ||||| |||| 00| 0 spa d | ||
| 040 |
_aMUNICIPALIDAD PROVINCIAL DEL CUSCO _cBIBLIOTECA MUNICIPAL DEL CUSCO |
||
| 082 |
_aEP / 372.036 / _bOR61 |
||
| 100 |
_aOrbegozo Rodriguez, Efrain _917043 |
||
| 245 |
_aSembrador texto escolar Basico : _bSexto Grado / |
||
| 260 |
_aLima : _bMinisterio de educación, _c1990. |
||
| 300 |
_a656 paginas ; _bilustraciones, graficos, dibujos, cuadros, mapas, _c21 cm. |
||
| 505 | _aContenido: Lenguaje -- ciencias naturales -- Historia del peru -- geografia -- matematica... | ||
| 650 |
_aEducacion Primaria _91561 |
||
| 650 |
_aEnseñanza _91616 |
||
| 650 |
_aMatematica _920026 |
||
| 650 |
_aCiencias _98174 |
||
| 700 |
_aAñaños de Vidal, Norma _927821 |
||
| 700 |
_aOrtega Choz, Juan Francisco _927822 |
||
| 700 |
_aDiaz Chavez, Victor Raul _927823 |
||
| 942 |
_2ddc _cLIBROS |
||
| 945 | _apjha | ||